How Do You Spell That? III Quiz Stats

 Plays Quiz Updated Dec 18, 2015

Challenge
Share
Tweet
Embed
Score 0/40 Timer 02:00
0 Plays Today
#1 Correct Word % Correct
Elaborate???
80.4%
Gorgeous???
80.2%
Alcohol???
79.8%
Almanac???
78.7%
Opaque???
78.6%
Traditional???
78.5%
Fouder???
78.4%
Xylophone???
78.3%
Comparable???
78.3%
Aquire???
78%
Guarantee???
76.9%
Bungalow???
76.8%
Liscense???
76.7%
Casette???
76.7%
Grandure???
76.7%
Helm???
76.5%
Weird???
76.3%
Definitely???
76.1%
Promiscous???
75.2%
Receive???
74.5%
#1 Correct Word % Correct
Sophomore???
74.5%
Zucchini???
73.5%
Occasion???
73.3%
Priviledge???
73.3%
Kyrgyzstan???
72.2%
Noticable???
70.8%
Cemetary???
70.5%
Manuever???
68.1%
Milennium???
68%
Emminent???
67.2%
Beseiged???
65.8%
Vaccuum???
64.6%
Jewelery???
64.1%
Picnicking???
62.3%
Androgenous???
59.9%
Hinderance???
58.1%
Embarassing???
57.9%
Annoint???
54.4%
Mischievious???
51.8%
Inoculate???
30.5%

You're not logged in!

Compare scores with friends on all Sporcle quizzes.
Join for Free
OR
Log In

You Might Also Like...

Show Comments

Extras

Top Quizzes Today


Score Distribution

Your Account Isn't Verified!

In order to create a playlist on Sporcle, you need to verify the email address you used during registration. Go to your Sporcle Settings to finish the process.

Report this User

Report this user for behavior that violates our Community Guidelines.

Details: